书目信息 |
| 题名: |
电脑装机培训教程
|
|
| 作者: | 荆永钢 编著 | |
| 分册: | ||
| 出版信息: | 北京 中国对外翻译出版公司 2000 |
|
| 页数: | 192页 | |
| 开本: | 26cm | |
| 丛书名: | ||
| 单 册: | ||
| 中图分类: | TP305 | |
| 科图分类: | ||
| 主题词: | 电子计算机--装配 | |
| 电子资源: | ||
| ISBN: | 7-5001-0709-9 | |
| 000 | 00610nam0 2200205 450 | |
| 001 | 0533931625 | |
| 005 | 20070726125713.70 | |
| 010 | @a7-5001-0709-9@dCNY16.80 | |
| 100 | @a20051104d2000 km y0chiy0120 ea | |
| 101 | 0 | @achi |
| 102 | @aCN@b110000 | |
| 105 | @aa z 000yy | |
| 200 | 1 | @a电脑装机培训教程@Adian nao zhuang ji pei xun jiao cheng@f荆永钢编著@Fjing yong gang bian zhu |
| 210 | @a北京@c中国对外翻译出版公司@d2000 | |
| 215 | 1 | @a192页@c图@d26cm |
| 606 | 0 | @a电子计算机@x装配 |
| 690 | @aTP305@v4 | |
| 701 | 0 | @a荆永钢@Ajing yong gang@4编著 |
| 801 | 0 | @aCN@bPFT@c20070726 |
| 905 | @a10447@dTP305@e320 | |
| 电脑装机培训教程/荆永钢编著.-北京:中国对外翻译出版公司,2000 |
| 192页:图;26cm |
| ISBN 7-5001-0709-9:CNY16.80 |
| ● |
| 相关链接 |
|
|
|
|
正题名:电脑装机培训教程
索取号:TP305/320
 
预约/预借
| 序号 | 登录号 | 条形码 | 馆藏地/架位号 | 状态 | 备注 |
| 1 | 0337711 | 203377112 | 第二样本阅览室/ [索取号:TP305/320] | 在馆 | |
| 2 | 0788878 | 207888785 | 第三借阅区/ [索取号:TP305/320] | 在馆 |